000
00306nam a2200121Ia 4500
008
190216s9999||||xx |||||||||||||| ||und||
100
_a
Dr.Bhagavathi Prakash Shukla
245
0
_a
Hindi-Nayi Sadi Ke Devar Par
260
_b
Chathurvedi Publications
_c
2003
300
_a
135
650
_a
Hindi
942
_c
BK
999
_c
16720
_d
16720